Cơ học ứng dụng

Saved in:
Bibliographic Details
Main Author: Nguyễn Xuân Lạc
Format: Book
Published: H. Đại học Sư phạm 2007
Tags: Add Tag
No Tags, Be the first to tag this record!
Institutions: Mạng thư viện Đại học Đà Nẵng
LEADER 00984nam a2200229 4500
001 000019744
003 16183
005 20150812150856.0
008 140820s2007 sd
100 1 |a Nguyễn Xuân Lạc 
245 1 0 |a Cơ học ứng dụng  |c Nguyễn Xuân Lạc, Đỗ Như Lân 
260 |a H.  |b Đại học Sư phạm  |c 2007 
774 |a Nguyễn Xuân Lạc  |d H.  |d Đại học Sư phạm  |d 2007  |g T.1  |h 211 tr.  |n Đầu bìa sách ghi: Bộ Giáo dục và Đào tạo. Dự án Đào tạo Giáo viên THCS  |t Cơ học ứng dụng  |w 16184 
774 |a Nguyễn Xuân Lạc  |d H.  |d Đại học Sư phạm  |d 2007  |g T.2  |h 195 tr.  |n Đầu bìa sách ghi: Bộ Giáo dục và Đào tạo. Dự án Đào tạo Giáo viên THCS  |t Cơ học ứng dụng  |w 16185 
OWN |a LSP 
999 |a From the UDN01 
TYP |a Monograph 
TYP |a Printed language 
980 |a Mạng thư viện Đại học Đà Nẵng